History Quiz

Random History or Famous Quiz
Score 0/18 Timer 07:00
0 Plays Today
% Correct
Elvis Presley
98.6%
John F. Kennedy
98.6%
Adolf Hitler
98.1%
Martin Luther King, Jr.
97.9%
Marilyn Monroe
97.4%
The Beatles
96.2%
Nelson Mandela
94.6%
Mahatma Gandhi
93.3%
Albert Einstein
90.9%
% Correct
Jimi Hendrix
86.7%
Alfred Hitchcock
85%
Mark Twain
74.5%
Harry S. Truman
74%
Grace Kelly
67.9%
Eleanor Roosevelt
58.8%
Clark Gable
58.2%
Walt and Roy Disney
53.6%
Eva Perón
45.8%
Remove Ads.
Support Sporcle.
Get the best of Sporcle when you Go Orange. This ad-free experience offers more features, more stats, and more fun while also helping to support Sporcle. Thank you for becoming a member.

You're not logged in!

Compare scores with friends on all Sporcle quizzes.
OR
Log In

Show Comments

Extras

Top Quizzes Today


Score Distribution

Your Account Isn't Verified!

In order to create a playlist on Sporcle, you need to verify the email address you used during registration. Go to your Sporcle Settings to finish the process.

Report this User

Report this user for behavior that violates our Community Guidelines.

Details: